Математика-абитуриентам: Сборник задач с решениями

Bibliographic Details
Main Author: Дробушевич Г. А. Геннадий Антонович
Other Authors: Ролич Ч. Н. Чеслав Николаевич
Language:Russian
Published: Минск, Университетское, 1987
Subjects:
Format: Book
KOHA link:https://koha.lib.tpu.ru/cgi-bin/koha/opac-detail.pl?biblionumber=36676

MARC

LEADER 00000nam0a2200000 4500
001 36676
005 20231031002315.0
035 |a (RuTPU)RU\TPU\book\37154 
035 |a BOOK00003806 
090 |a 36676 
100 |a 20011210d1987 m y0rusy50 ca 
101 0 |a rus 
102 |a BY 
105 |a a j 000zy 
200 1 |a Математика-абитуриентам  |e Сборник задач с решениями  |f Г. А. Дробушевич, Ч. Н. Ролич 
210 |a Минск  |c Университетское  |d 1987 
215 |a 334 с.  |c ил. 
610 1 |a математика 
610 1 |a задачи 
610 1 |a решение 
610 1 |a сборники 
675 |a 51(076)  |v 3 
700 1 |a Дробушевич  |b Г. А.  |g Геннадий Антонович 
701 1 |a Ролич  |b Ч. Н.  |g Чеслав Николаевич 
801 0 |a BY  |b 63413507  |c 20011210  |g PSBO 
801 2 |a RU  |b 63413507  |c 20140926  |g PSBO 
900 |a Математика 
942 |c BK